Word Ladder: US Vice Presidents Quiz Stats

 Plays Quiz Updated Jul 10, 2016

Challenge
Share
Tweet
Embed
Score 0/28 Timer 03:00
0 Plays Today
Clue 4-Letter Word % Correct
DreamWorks' '___ Fu Panda'KUNG
97.5%
Tined eating utensilFORK
96.4%
'From ___ till Dawn'DUSK
96.1%
⚐ 40th Vice President of the US (1973-1974) Gerald ⚐FORD
95.3%
'The ___ Knight Rises'DARK
94.2%
Come upon by searchingFIND
94%
TV Alien who lived with MindyMORK
93.9%
Angelic instrumentHARP
93.1%
Gentle or sympathetically niceKIND
92.9%
One of the GospelsMARK
92.5%
'John Tucker ___ Die'MUST
92.3%
Affectionate or lovingFOND
91.9%
⚐ 13th Vice President of the US (1853) William ⚐KING
90.7%
Listen or pay close attention toHARK
89.4%
Clue 4-Letter Word % Correct
⚐ 43rd Vice President of the US (1981-1989) George ⚐BUSH
89.3%
Dip bread into your soupDUNK
89.3%
Animal-based odor substanceMUSK
88.1%
Conservative radio host LimbaughRUSH
87.8%
Unpleasantly moistDANK
87.6%
⚐ 45th Vice President of the US (1993-2001) Al ⚐GORE
87.5%
Movie with Cher and Eric StoltzMASK
85.8%
JFK and LBJ's Secretary of State DeanRUSK
85.5%
Tame a broncoBUST
84%
John Irving's 'The World According to ___'GARP
82.2%
A term for a legume-based trail mixGORP
77.4%
A stopper in a hole in a caskBUNG
76.5%
⚐ 3rd Vice President of the US (1801-1805) Aaron ⚐BURR
75.7%
A city or town, from the GermanBURG
72%

Today's Daily Dose

You're not logged in!

Compare scores with friends on all Sporcle quizzes.
OR
Log In

You Might Also Like...

Show Comments

Extras

Top Quizzes Today


Score Distribution

Your Account Isn't Verified!

In order to create a playlist on Sporcle, you need to verify the email address you used during registration. Go to your Sporcle Settings to finish the process.

Report this User

Report this user for behavior that violates our Community Guidelines.

Details: